[Event "Titled Tue 6th Sep Late"]
[Site "chess.com INT"]
[Date "2022.09.06"]
[Round "8"]
[White "Lobanov,Sergei"]
[Black "Nakamura,Hi"]
[Result "0-1"]
[WhiteElo "2535"]
[BlackElo "2768"]

1.Nf3 d5 2.e3 g6 3.c4 e6 4.Nc3 Bg7 5.d4 Nf6 6.b3 O-O 7.Bb2 c5 8.cxd5 Nxd5
9.Nxd5 Qxd5 10.Bc4 Qd8 11.O-O Nc6 12.Qe2 cxd4 13.Nxd4 Nxd4 14.Bxd4 Bxd4 15.Rad1 Bb6
16.Rxd8 Rxd8 17.Rd1 Bd7 18.h4 Bc6 19.Rxd8+ Bxd8 20.Bb5 Rc8 21.Bxc6 Rxc6 22.Qb5 Rc1+
23.Kh2 Bxh4 24.g3 Bf6 25.Qxb7 Rc2 26.Qxa7 Rxf2+ 27.Kg1 Rb2 28.Qb8+ Kg7 29.a4 Ra2
30.Qb4 h5 31.a5 Be5 32.Qb6 Bxg3 33.b4 h4 34.Qd4+ e5 35.Qc4 Rb2 36.Qc8 Bf2+
37.Kf1 Bxe3 38.a6 Rxb4 39.Qc3 Rb1+ 40.Ke2 Bd4 41.Qa3 Rb8 42.Qe7 h3 43.Qh4 h2  0-1

[Event "Titled Tue 6th Sep Early"]
[Site "chess.com INT"]
[Date "2022.09.06"]
[Round "9"]
[White "Le Tuan Minh"]
[Black "Nakamura,Hi"]
[Result "0-1"]
[WhiteElo "2542"]
[BlackElo "2768"]

1.d4 f5 2.e4 fxe4 3.Nc3 Nf6 4.Bg5 Nc6 5.f3 e3 6.Bxe3 d5 7.Qd2 Bf5 8.Bd3 Bxd3
9.Qxd3 e6 10.Nge2 Qd7 11.O-O-O Bd6 12.Bf4 O-O 13.Rhe1 Rae8 14.a3 Ng4 15.Qd2 Nf2
16.Bxd6 cxd6 17.Kb1 Nxd1 18.Qxd1 Na5 19.Nc1 Nc4 20.Qe2 Qc6 21.N3a2 e5 22.dxe5 Rxe5
23.Qd1 Ne3 24.Qd2 Rfe8 25.Nb4 Qb5 26.Rg1 a5 27.Nbd3 R5e7 28.Nb3 a4 29.Nd4 Qb6
30.Nb4 Nf5 31.c3 Nxd4 32.cxd4 Qb5 33.Rc1 h6 34.Ka2 Re2 35.Qf4 Qd7 36.g4 Rc8
37.g5 hxg5 38.Qxg5 Rxc1 39.Qxc1 Qb5 40.Qc8+ Re8 41.Qc3 Qc4+ 42.Kb1 Qxc3 43.bxc3 Re3
44.Nxd5 Rxf3 45.Kc2 Rf2+ 46.Kd3 Rxh2 47.Nb6 g5 48.Nxa4 g4 49.Ke3 Ra2 50.Nb6 g3  0-1

[Event "Titled Tue 6th Sep Late"]
[Site "chess.com INT"]
[Date "2022.09.06"]
[Round "9"]
[White "Nakamura,Hi"]
[Black "Tang,Andrew"]
[Result "1-0"]
[WhiteElo "2768"]
[BlackElo "2539"]

1.c4 e6 2.b3 d5 3.Bb2 Nf6 4.Nf3 b6 5.g3 Bb7 6.Bg2 Be7 7.O-O O-O 8.e3 c5 9.Qe2 dxc4
10.bxc4 Nc6 11.d3 Qc7 12.Nc3 Rfd8 13.Rfd1 a6 14.Rac1 Rab8 15.Ne1 Na5 16.g4 b5
17.g5 Ne8 18.cxb5 axb5 19.Nxb5 Qb6 20.a4 Bxg2 21.Nxg2 Bxg5 22.Qh5 h6 23.h4 Be7
24.Qf3 Nc6 25.d4 Qa6 26.Ra1 cxd4 27.Bxd4 Nxd4 28.Nxd4 Bf6 29.Qc6 Qa5 30.Qc4 Rdc8
31.Nc6 Qh5 32.Rac1 Ra8 33.a5 Nc7 34.e4 Na6 35.e5 Nb8 36.Ne7+ Bxe7 37.Qxc8+ Kh7
38.Qb7  1-0

[Event "Titled Tue 6th Sep Early"]
[Site "chess.com INT"]
[Date "2022.09.06"]
[Round "10"]
[White "Nakamura,Hi"]
[Black "Ivanchuk,V"]
[Result "1/2-1/2"]
[WhiteElo "2768"]
[BlackElo "2678"]

1.Nf3 Nf6 2.e3 g6 3.b3 Bg7 4.Bb2 d6 5.d4 c5 6.dxc5 Qa5+ 7.Nbd2 Qxc5 8.c4 O-O
9.a3 Nbd7 10.Be2 b6 11.O-O Bb7 12.Nd4 a6 13.Bf3 Qc7 14.Rc1 Rac8 15.b4 Bxf3
16.N4xf3 Qb7 17.Qe2 Rc7 18.e4 Rfc8 19.e5 dxe5 20.Nxe5 Ng4 21.Qxg4 Nxe5 22.Bxe5 Bxe5
23.Rc2 Qc6 24.Qe2 Qa4 25.Nb1 Bf6 26.Rfc1 Qb3 27.Qe3 Qxe3 28.fxe3 a5 29.Nd2 e6
30.c5 axb4 31.axb4 Be7 32.Nb3 bxc5 33.bxc5 f5 34.c6 Kf7 35.Nd4 Rb8 36.Kf2 Bf6
37.Ne2 Rb6 38.Kf3 Ke7 39.h3 Kd6 40.Rd2+ Ke7 41.Rdc2 Kd6 42.Rd2+ Ke7 43.Rdc2  1/2-1/2

[Event "Titled Tue 6th Sep Late"]
[Site "chess.com INT"]
[Date "2022.09.06"]
[Round "10"]
[White "Ter Sahakyan,S"]
[Black "Nakamura,Hi"]
[Result "0-1"]
[WhiteElo "2630"]
[BlackElo "2768"]

1.e4 c6 2.d4 d5 3.e5 Bf5 4.Nf3 e6 5.Be2 h6 6.O-O Ne7 7.Nbd2 Nd7 8.Re1 g5
9.Nf1 Bg6 10.Bd3 c5 11.c3 Qb6 12.Bxg6 Nxg6 13.h3 Ne7 14.Ng3 Nc6 15.Re2 cxd4
16.cxd4 Be7 17.Be3 h5 18.Rd2 g4 19.hxg4 hxg4 20.Ng5 Rh4 21.Nf1 Qd8 22.g3 Rh5
23.Nxe6 fxe6 24.Qxg4 Rf5 25.Qg6+ Rf7 26.Qxe6 Nf8 27.Qh6 Qd7 28.Rc1 Qf5 29.Rxc6 Rh7
30.Rf6 Bxf6 31.Qxf6 Qxf6 32.exf6 Kf7 33.Bf4 Kxf6 34.Be5+ Kf7 35.Rc2 Ne6 36.Ne3 Rd8
37.f4 Kg8 38.Ng4 Kf8 39.Kg2 Ra8 40.f5 Nd8 41.Ne3 Nc6 42.Nxd5 Rd8 43.Nf4 Ke7
44.g4 Rf7 45.Ng6+ Ke8 46.Re2 Kd7 47.d5 Ne7 48.Nxe7 Rxe7 49.Kf3 Rh7 50.Kf4 Rh1
51.Rc2 Rf1+ 52.Kg5 Rg8+ 53.Kf6 Rxg4 54.Rc7+ Kd8 55.Ke6 Rg8 56.Rxb7 Re8+ 57.Kd6 Kc8
58.Rc7+ Kb8 59.Re7 Rg8 60.Ke6+ Kc8 61.f6 Rg5 62.f7 Rg6+ 63.Bf6 Rgxf6+ 64.Ke5 Rxf7  0-1

[Event "Titled Tue 6th Sep Early"]
[Site "chess.com INT"]
[Date "2022.09.06"]
[Round "11"]
[White "Dubov,Daniil"]
[Black "Nakamura,Hi"]
[Result "1/2-1/2"]
[WhiteElo "2702"]
[BlackElo "2768"]

1.d4 Nf6 2.c4 e6 3.Nf3 d5 4.g3 Be7 5.Bg2 O-O 6.O-O dxc4 7.Qc2 b5 8.a4 Bb7
9.axb5 a6 10.bxa6 Nxa6 11.Qxc4 Bd5 12.Qd3 Nb4 13.Rxa8 Qxa8 14.Qd1 Na2 15.Nc3 Nxc3
16.bxc3 c5 17.Bg5 Rc8 18.Qa1 h6 19.Bxf6 Bxf6 20.Qxa8 Bxa8 21.e3 cxd4 22.cxd4 Bxf3
23.Bxf3 g6 24.Rb1 Rc7 25.Be4 Kg7 26.Kg2 Ra7 27.Rb2 Rc7 28.Ra2 Rd7 29.Ra5 Bd8
30.Rb5 Ra7 31.Rb2 Rd7 32.Bc6 Rc7 33.d5 exd5 34.Bxd5 Bf6 35.Ra2 Bc3 36.f4 f5
37.Kf3 Rd7 38.Be6 Re7 39.Ra6 h5 40.Bd5 Bf6 41.h3 Rd7 42.Be6 Rc7 43.g4 hxg4+
44.hxg4 fxg4+ 45.Kxg4 Rc1 46.Ra7+ Kh6 47.Bd5 Rg1+ 48.Kf3 Rf1+ 49.Ke2 Rb1
50.Ra6 Kg7 51.Kf3 Rf1+ 52.Kg4 Rg1+ 53.Kf3 Rf1+ 54.Ke2 Rb1 55.Be4 Rb2+ 56.Kf3 Rb3
57.Rd6 Ra3 58.Bd3 g5 59.f5 Ra4 60.e4 Rd4 61.Rxd4 Bxd4 62.Kg4 Kf6 63.Bc2 Be5
64.Bd3 Bd4 65.Be2 Be5 66.Bf3 Bd4 67.Be2 Be5 68.Bf3 Bd4 69.Be2  1/2-1/2

[Event "Titled Tue 6th Sep Late"]
[Site "chess.com INT"]
[Date "2022.09.06"]
[Round "11"]
[White "Nakamura,Hi"]
[Black "Maksimovic,Bojan"]
[Result "1-0"]
[WhiteElo "2768"]
[BlackElo "2468"]

1.c4 Nf6 2.d3 g6 3.g3 Bg7 4.Bg2 d6 5.Nc3 O-O 6.Nf3 e5 7.O-O Nc6 8.Rb1 a5
9.a3 Bf5 10.b4 axb4 11.axb4 Qd7 12.Re1 Bh3 13.Bh1 h6 14.b5 Ne7 15.Nd2 Rab8
16.Ba3 Ng4 17.e3 e4 18.Ne2 exd3 19.Nf4 Ne5 20.Nxh3 Qxh3 21.Bg2 Qe6 22.Qb3 h5
23.h3 Rfd8 24.f4 Nf5 25.fxe5 Nxg3 26.Qxd3 dxe5 27.Qc2 Kh7 28.Bb2 f5 29.e4 Bh6
30.exf5 Nxf5 31.Nf3 Ne3 32.Qe4 Nxg2 33.Kxg2 Rf8 34.Rbd1 Rbe8 35.Rd5 Qf7 36.Rxe5 Rxe5
37.Bxe5 Re8 38.Qxb7 Qf5 39.Qxc7+ Kg8 40.Qc6 Qc2+ 41.Kh1 Rf8 42.b6 Qf2 43.Qxg6+  1-0

[Event "CGC KO 2022"]
[Site "chess.com INT"]
[Date "2022.09.19"]
[Round "1.4"]
[White "Vasquez Schroeder,R"]
[Black "Nakamura,Hi"]
[Result "1/2-1/2"]
[WhiteElo "2518"]
[BlackElo "2768"]

1.d4 Nf6 2.Nf3 e6 3.e3 d5 4.Bd3 Nbd7 5.Nbd2 c5 6.b3 cxd4 7.exd4 Bb4 8.Bb2 Ne4
9.O-O Nxd2 10.Nxd2 O-O 11.Nf3 b6 12.Qe2 a5 13.a4 Bb7 14.Qe3 Rc8 15.c3 Bd6
16.Rae1 Re8 17.Ne5 Bxe5 18.dxe5 Nc5 19.Qd2 d4 20.cxd4 Nxd3 21.Qxd3 Ra8 22.Rc1 Ba6
23.Rc4 Rc8 24.Rfc1 Qd7 25.Qc2 Bxc4 26.bxc4 Rc6 27.Qd3 Rec8 28.Ba3 Qc7 29.c5 Qd7
30.Qc4 bxc5 31.Bxc5 Rb8 32.Qf1 Rc7 33.Ra1 Rcb7 34.Bd6 Rc8 35.Bc5 Rcb8 36.h3 Qc6
37.Bd6 Rc8 38.Bc5 Qe4 39.Re1 Qc6 40.Ra1 Qe4 41.Re1 Qc6 42.Ra1  1/2-1/2

[Event "CGC KO 2022"]
[Site "chess.com INT"]
[Date "2022.09.19"]
[Round "1.3"]
[White "Nakamura,Hi"]
[Black "Vasquez Schroeder,R"]
[Result "1-0"]
[WhiteElo "2768"]
[BlackElo "2518"]

1.Nf3 d5 2.g3 g6 3.Bg2 Bg7 4.d4 Nf6 5.O-O O-O 6.c4 c6 7.Qb3 dxc4 8.Qxc4 Nbd7
9.Qc2 Re8 10.Rd1 Qb6 11.Nbd2 a5 12.e4 a4 13.h3 Qa6 14.b4 axb3 15.Nxb3 Qa4
16.Be3 b6 17.Rdc1 Bb7 18.Nfd2 Rec8 19.Nc4 Ba6 20.Nb2 Qa3 21.Nd2 e6 22.Nbc4 Qe7
23.a4 Nd5 24.exd5 cxd5 25.Qd1 dxc4 26.Bxa8 Rxa8 27.Nxc4 Qd8 28.Rab1 Bb7 29.a5 Be4
30.Nxb6 Bxb1 31.Nxa8 Qxa8 32.Rxb1 Qxa5 33.Qf3 h6 34.Rb7 Nf6 35.Bxh6 Qa1+
36.Kg2 Qxd4 37.Bg5 Qe5 38.h4 Qd4 39.Rb8+ Kh7 40.Qb7 Qe5 41.Ra8 Qf5 42.Ra7  1-0

[Event "CGC KO 2022"]
[Site "chess.com INT"]
[Date "2022.09.19"]
[Round "1.1"]
[White "Nakamura,Hi"]
[Black "Vasquez Schroeder,R"]
[Result "1/2-1/2"]
[WhiteElo "2768"]
[BlackElo "2518"]

1.Nf3 d5 2.e3 Nf6 3.b3 Bf5 4.g3 h6 5.Bg2 e6 6.O-O Nbd7 7.Bb2 Be7 8.d3 O-O
9.Qe2 c6 10.Nbd2 a5 11.a3 Bh7 12.e4 b5 13.Rfe1 Qb6 14.Ne5 Nxe5 15.Bxe5 dxe4
16.Nxe4 Bxe4 17.Bxe4 Rfd8 18.Bg2 Rac8 19.a4 b4 20.h4 Nd7 21.Bf4 Bf6 22.Rad1 Bc3
23.Be3 c5 24.Bd2 Bxd2 25.Qxd2 Nf6 26.Re5 Rd4 27.Bf3 Qd6 28.Qe2 Nd7 29.Re3 Rd8
30.Re1 Nf6 31.Bg2 h5 32.Bh3 Re8 33.Re5 g6 34.Qf3 Kg7 35.Qb7 Nd7 36.R5e3 Qb6
37.Qf3 Qd6 38.Bg2 Rb8 39.Bh3 Re8 40.Re4 Nf6 41.R4e2 Nd5 42.Bg2 Re7 43.Re5 Nf6
44.Qc6 Qxc6 45.Bxc6 Rc7 46.Bb5 Nd5 47.Bc4 Nb6 48.Bb5 Rd5 49.f4 Rxe5 50.Rxe5 Kf6
51.Kf2 Ke7 52.Kf3 Kd6 53.Re1 Nd5 54.Bc4 Ne7 55.c3 bxc3 56.Rc1 Rb7 57.Rxc3 Nf5
58.Kf2 Nd4 59.Rc1 Rb4 60.Rb1 Nf5 61.Kf3 Nd4+ 62.Kf2 Nf5 63.Kf3 Nd4+ 64.Kf2  1/2-1/2

[Event "CGC KO 2022"]
[Site "chess.com INT"]
[Date "2022.09.19"]
[Round "1.2"]
[White "Vasquez Schroeder,R"]
[Black "Nakamura,Hi"]
[Result "1/2-1/2"]
[WhiteElo "2518"]
[BlackElo "2768"]

1.d4 Nf6 2.Nf3 e6 3.e3 c5 4.Bd3 b6 5.O-O Bb7 6.c4 Be7 7.Nc3 cxd4 8.exd4 d6
9.d5 e5 10.Ng5 Nbd7 11.f4 h6 12.Nf3 O-O 13.Qe2 exf4 14.Bxf4 Re8 15.Qd2 Bf8
16.Rae1 Rxe1 17.Rxe1 a6 18.a4 Qc7 19.h3 Re8 20.Rxe8 Nxe8 21.b3 Ne5 22.Be2 Nxf3+
23.Bxf3 Nf6 24.Bd1 Bc8 25.Bc2 Bd7 26.Be3 Be7 27.Bd4 Kf8 28.Qe3 Bd8 29.Ne4 Nxd5
30.cxd5 Qxc2 31.Nxd6 Bc7 32.Qf4 Qg6 33.Be5 f6 34.Nc4 Bxh3 35.Bd6+ Kg8 36.Ne3 Bd8
37.Bc7 Be7 38.d6 Bf8 39.Bxb6 Be6 40.b4 Qb1+ 41.Kh2 Qa2 42.a5 Qd2 43.Bc5 Kf7
44.Kg1 Qc1+ 45.Kh2 Qd2 46.Kg1 Qc1+ 47.Kh2 Qc3 48.Qe4 Bd7 49.Qd5+ Kg6 50.Nc4 Qe1
51.Qd3+ Kf7 52.Qd4 Qe2 53.Qd5+ Be6 54.Qb7+ Kg6 55.Ne3 Bxd6+ 56.Bxd6 Qxe3
57.Qxa6 Qd4 58.Bc5 Qh4+ 59.Kg1 Qe1+ 60.Qf1 Qxf1+ 61.Kxf1 Bc4+ 62.Kf2 h5 63.g3 Kf5
64.Bd6 Ke6 65.Bf8 g5 66.Ke3 Kd5 67.Be7 h4 68.gxh4 gxh4 69.Bxf6 h3 70.Kf3 Kc6
71.Kg3 Kb7 72.Kxh3 Bf1+ 73.Kg3 Bb5 74.Be7 Bf1 75.Bc5 Bb5  1/2-1/2

[Event "Titled Tue 20th Sep Early"]
[Site "chess.com INT"]
[Date "2022.09.20"]
[Round "1"]
[White "Nakamura,Hi"]
[Black "Hnydiuk,A"]
[Result "1-0"]
[WhiteElo "2768"]
[BlackElo "2361"]

1.g3 d5 2.Bg2 e5 3.d3 Nf6 4.Nd2 Bd6 5.e4 c6 6.Ngf3 O-O 7.O-O Re8 8.Re1 Nbd7
9.b3 a5 10.a3 b5 11.Bb2 Ba6 12.d4 dxe4 13.Nxe4 Nxe4 14.Rxe4 Nf6 15.Rxe5 Bxe5
16.Nxe5 Bb7 17.Nxc6 Qd6 18.d5 Rac8 19.c4 bxc4 20.bxc4 Bxc6 21.dxc6 Qxd1+
22.Rxd1 Ne4 23.Rd4 Nc5 24.Bc3 a4 25.Bb4 Ne6 26.Rd7 Nd8 27.c7 Ne6 28.Ba5 Nc5
29.Rd1 Nb3 30.Bb6 f6 31.Bb7 Kf7 32.Bxc8 Rxc8 33.Rd8  1-0

[Event "Titled Tue 20th Sep Early"]
[Site "chess.com INT"]
[Date "2022.09.20"]
[Round "2"]
[White "Aloma Vidal,R"]
[Black "Nakamura,Hi"]
[Result "0-1"]
[WhiteElo "2448"]
[BlackElo "2768"]

1.e4 c6 2.d4 d5 3.e5 Bf5 4.Nf3 e6 5.Be2 h6 6.O-O Ne7 7.Nbd2 Nd7 8.a4 g5 9.a5 Bg7
10.a6 b6 11.c4 O-O 12.cxd5 exd5 13.b4 Ng6 14.Nb3 f6 15.b5 cxb5 16.Bxb5 fxe5
17.Bc6 Be4 18.Nfd2 Rc8 19.Bb7 Bc2 20.Qe1 exd4 21.Qe6+ Kh7 22.Bxc8 Qxc8 23.Qxd5 d3
24.Ra4 Nf4 25.Qb7 Ne5 26.Qxc8 Rxc8 27.Re4 Ne2+ 28.Kh1 Nc3 29.Re3 Nd5 30.Re4 Nd7
31.Nd4 Nc5 32.Rg4 Nf6 33.Nxc2 Nxg4 34.Nb4 Bd4 35.g3 Nxf2+ 36.Kg2 Ng4 37.Re1 Ne3+
38.Kf3 Rf8+  0-1

[Event "Titled Tue 20th Sep Early"]
[Site "chess.com INT"]
[Date "2022.09.20"]
[Round "3"]
[White "Nakamura,Hi"]
[Black "Narayanan,Sri"]
[Result "1-0"]
[WhiteElo "2768"]
[BlackElo "2559"]

1.g3 e5 2.Bg2 Nf6 3.d3 d5 4.Nf3 Nc6 5.Nc3 h6 6.O-O Be7 7.e4 dxe4 8.Nxe4 Nxe4
9.dxe4 Qxd1 10.Rxd1 Bg4 11.c3 O-O 12.h3 Be6 13.b4 Rfd8 14.Rxd8+ Rxd8 15.Be3 Rd3
16.Rc1 f6 17.a3 a6 18.Nd2 Rd7 19.Bf1 Kf7 20.h4 h5 21.Rb1 Nd8 22.a4 g5 23.hxg5 fxg5
24.Nf3 Bf6 25.Nxg5+ Bxg5 26.Bxg5 Kg6 27.Be3 Nf7 28.f4 Bg4 29.Kf2 Kf6 30.Re1 Nd6
31.fxe5+ Kxe5 32.Bf4+ Ke6 33.e5 Nf5 34.Bc4+ Ke7 35.e6 Rd1 36.Bg5+ Ke8 37.Rxd1 Bxd1
38.Bd3 Ne7 39.a5 Bg4 40.Bc4 Nc6 41.Bf4 Nd8 42.Bxc7 Nxe6 43.Be5 Kd7 44.Bd5 Nd8
45.Bg2 Nc6 46.Bf4 Bf5 47.Ke3 Bg4 48.Be4 Ke6 49.Bh1 Kd7 50.Kd3 Bf5+ 51.Kc4 Bg4
52.Kc5 Kc8 53.Kb6 Be2 54.Bd5 Bg4 55.Bxc6 bxc6 56.Kxa6 c5 57.b5  1-0

[Event "Titled Tue 20th Sep Early"]
[Site "chess.com INT"]
[Date "2022.09.20"]
[Round "4"]
[White "Maksimovic,Bojan"]
[Black "Nakamura,Hi"]
[Result "0-1"]
[WhiteElo "2468"]
[BlackElo "2768"]

1.e4 g6 2.d4 Bg7 3.c4 d6 4.Nc3 Nf6 5.Nf3 O-O 6.Be2 e5 7.d5 a5 8.Be3 Na6 9.Nd2 Nd7
10.g4 Bf6 11.h4 Bxh4 12.Nf3 Be7 13.Qd2 f6 14.O-O-O Rf7 15.g5 Ndc5 16.gxf6 Bxf6
17.Ng5 Bxg5 18.Bxg5 Qe8 19.Rdg1 Nb4 20.Kb1 Rxf2 21.Qe3 Rf7 22.Qg3 Bd7 23.Qh4 Qf8
24.Bf6 Rg7 25.Bh5 Be8 26.Bg4 Nbd3 27.Be6+ Nxe6 28.dxe6 Nf4 29.e7 Qf7 30.Nd5 Nh5
31.Qg5 c6 32.Rxh5 cxd5 33.Bxg7 Qxg7 34.Rh4 dxe4 35.Rgh1 h5 36.Rf1 Bf7 37.Rxe4 Re8
38.c5 Be6 39.cxd6 Bf5 40.Rxf5 gxf5 41.Qxf5 Qg1+ 42.Kc2 Qc5+ 43.Kd2 Qxd6+
44.Ke2 Rxe7 45.Qg5+ Rg7 46.Qxh5 Rg2+ 47.Kf3 Qd1+  0-1

[Event "Titled Tue 20th Sep Early"]
[Site "chess.com INT"]
[Date "2022.09.20"]
[Round "5"]
[White "Nakamura,Hi"]
[Black "Bok,B"]
[Result "1/2-1/2"]
[WhiteElo "2768"]
[BlackElo "2618"]

1.c4 Nf6 2.d3 g6 3.b4 Bg7 4.Bb2 O-O 5.Nf3 d6 6.g3 e5 7.Bg2 Re8 8.O-O a5 9.a3 axb4
10.axb4 Rxa1 11.Bxa1 e4 12.dxe4 Nxe4 13.Bxg7 Kxg7 14.Nfd2 Nxd2 15.Qxd2 Nc6
16.Nc3 Nxb4 17.Qb2 Nc6 18.Nd5+ f6 19.Rd1 b6 20.Nxb6 Ne5 21.Nxc8 Qxc8 22.c5 dxc5
23.Qb5 Rd8 24.Rc1 c4 25.f4 Nf7 26.Qxc4 Qd7 27.Qxc7 Qd2 28.Bf3 Qe3+ 29.Kg2 Rd2
30.Qc3 Qxc3 31.Rxc3 Rd7 32.g4 g5 33.e3 Re7 34.Rd3 Nh8 35.h4 Ng6 36.h5 Nh4+
37.Kg3 Nxf3 38.Kxf3 gxf4 39.Kxf4 Ra7 40.Rd5 Rb7 41.Kf5 Re7 42.h6+ Kf7 43.e4 Rc7
44.Ra5 Re7 45.Rb5 Rc7 46.g5 fxg5 47.Kxg5 Ke6 48.Kf4 Rf7+ 49.Rf5 Rxf5+ 50.exf5+ Kf6
51.Ke4 Kf7 52.Ke5 Ke7 53.Kd5 Kf6 54.Ke4 Kf7 55.Ke5 Ke7 56.f6+ Kf7 57.Kf5 Kf8
58.Kf4 Kf7 59.Ke5 Kf8 60.Ke6 Ke8 61.f7+ Kf8 62.Kf6  1/2-1/2

[Event "Titled Tue 20th Sep Early"]
[Site "chess.com INT"]
[Date "2022.09.20"]
[Round "6"]
[White "Nakamura,Hi"]
[Black "Svane,R"]
[Result "1/2-1/2"]
[WhiteElo "2768"]
[BlackElo "2615"]

1.g3 d5 2.Bg2 e5 3.d3 Nf6 4.Nf3 Bd6 5.Nc3 h6 6.e4 dxe4 7.Nxe4 Nxe4 8.dxe4 O-O
9.O-O Be6 10.Qe2 Nd7 11.Be3 Qf6 12.Rfd1 Rfd8 13.Ne1 Qe7 14.Nd3 b6 15.a4 a5
16.b3 f6 17.h4 Nc5 18.Nb2 Qf7 19.h5 Be7 20.Bf3 Rac8 21.Rac1 Nb7 22.Nd3 Nd6
23.Rd2 Rd7 24.Rcd1 Rcd8 25.Bg2 Bf8 26.f4 exf4 27.Bxf4 Qe8 28.e5 Nf5 29.exf6 Nd4
30.Qf2 gxf6 31.Re1 Qf7 32.Rf1 Bg4 33.Be3 Nf5 34.Qf4 Nxe3 35.Qxe3 Qxh5 36.Rdf2 Rxd3
37.cxd3 Bc5 38.Qf4 Bxf2+ 39.Rxf2 Qg5 40.Qxc7 Rc8 41.Qe7 Rc1+ 42.Bf1 Bh3 43.Qe8+ Kg7
44.Qe7+ Kg8 45.Qe8+ Kg7 46.Qe7+ Kg8  1/2-1/2

[Event "Titled Tue 20th Sep Early"]
[Site "chess.com INT"]
[Date "2022.09.20"]
[Round "7"]
[White "Lenderman,A"]
[Black "Nakamura,Hi"]
[Result "0-1"]
[WhiteElo "2535"]
[BlackElo "2768"]

1.e4 c5 2.c3 Nf6 3.e5 Nd5 4.d4 cxd4 5.Nf3 Nc6 6.cxd4 d6 7.Bc4 Nb6 8.Bb5 a6
9.Bxc6+ bxc6 10.h3 g6 11.O-O Bg7 12.Nc3 O-O 13.Bf4 h6 14.Re1 g5 15.Bg3 Bf5
16.Rc1 Qd7 17.Ne4 Bxe4 18.Rxe4 f5 19.exf6 exf6 20.Qb3+ Nd5 21.Rce1 f5 22.Re7 Qd8
23.Rb7 Kh8 24.Qc2 Rc8 25.Re6 Rf6 26.Rxf6 Qxf6 27.Ne5 f4 28.Ng6+ Kg8 29.Bh2 Qxd4
30.Kh1 Qf6 31.Bg1 Qe6 32.Qd3 a5 33.Ra7 Re8 34.f3 Nb4 35.Qb1 c5 36.a3 Nc6
37.Rc7 Nd4 38.Bxd4 Bxd4 39.Kh2 Bg7 40.Qd3 a4 41.Qc2 Bd4 42.Ra7 Qe1 43.Ne7+ Rxe7
44.Qg6+ Kf8 45.Ra8+ Re8 46.Qxh6+ Bg7 47.Qxd6+ Kf7 48.Ra7+ Re7 49.Qd5+ Qe6
50.Rxe7+ Kxe7 51.Qxg5+ Bf6 52.Qxc5+ Kf7 53.Qa7+ Kg6 54.Qxa4 Qe3 55.Qe4+ Kg5
56.h4+ Kh6 57.Qf5 Bxh4 58.Qh3 Qe7 59.Qg4 Bg3+ 60.Kh3 Qe1 61.Qd7 Qh1+ 62.Kg4 Qh5+  0-1

[Event "Titled Tue 20th Sep Early"]
[Site "chess.com INT"]
[Date "2022.09.20"]
[Round "8"]
[White "Nakamura,Hi"]
[Black "Maghsoodloo,Parham"]
[Result "1-0"]
[WhiteElo "2768"]
[BlackElo "2721"]

1.g3 d5 2.Bg2 c6 3.d3 h6 4.Nd2 Nf6 5.e4 dxe4 6.dxe4 e5 7.Ngf3 Qc7 8.O-O Be6
9.b3 Nbd7 10.Bb2 Bc5 11.Qe2 b5 12.a4 Rb8 13.Ne1 O-O 14.Nd3 Bb6 15.Nf3 Bg4
16.h3 Bxf3 17.Bxf3 Rfe8 18.Rfd1 a5 19.Kg2 Bd4 20.c3 Bb6 21.Qc2 Nc5 22.Nxc5 Bxc5
23.Rd3 Qb6 24.axb5 cxb5 25.Rad1 Qc6 26.R3d2 Rbc8 27.Ra1 Ra8 28.c4 b4 29.Ra2 Nd7
30.Rd5 f6 31.Bh5 Rf8 32.Bc1 Nb6 33.Bg6 Nxd5 34.exd5 Qd6 35.Bf5 Kh8 36.Be6 f5
37.Bb2 Rae8 38.Rxa5 f4 39.g4 f3+ 40.Kh1 Bd4 41.Bxd4 exd4 42.Ra1 Rxe6 43.dxe6 Qxe6
44.Qd3 Qe5 45.Rd1 Rf4 46.c5 Qxc5 47.Re1 Rf8 48.Re4 Rd8 49.h4 Qc3 50.Qb5 d3
51.Re8+ Rxe8 52.Qxe8+ Kh7 53.Qe4+ g6 54.Qe7+ Qg7 55.Qd6 h5 56.gxh5 Qf7 57.Qxd3 Kh6
58.Qxg6+ Qxg6 59.hxg6 Kxg6 60.Kh2 Kf5 61.Kg3 Ke4 62.h5 Kd3 63.h6 Kc3 64.h7 Kxb3
65.h8=Q Kc2 66.Qb8 b3 67.Kxf3  1-0

[Event "Titled Tue 20th Sep Early"]
[Site "chess.com INT"]
[Date "2022.09.20"]
[Round "9"]
[White "Bluebaum,M"]
[Black "Nakamura,Hi"]
[Result "0-1"]
[WhiteElo "2647"]
[BlackElo "2768"]

1.d4 f5 2.Nf3 Nf6 3.c4 g6 4.e3 Bg7 5.b4 d6 6.Bb2 O-O 7.Be2 c6 8.O-O Qc7 9.Qb3 Kh8
10.a4 Be6 11.Nc3 Bg8 12.Qc2 Nbd7 13.c5 d5 14.b5 Ne4 15.Rab1 Rfd8 16.Rfc1 e5
17.bxc6 bxc6 18.Nxe4 dxe4 19.Nxe5 Nxe5 20.dxe5 Bxe5 21.Qc3 Bxc3 22.Bxc3+ Qg7
23.Bxg7+ Kxg7 24.Rb7+ Kh6 25.g3 Rd2 26.Bc4 a5 27.Bxg8 Rxg8 28.Rc7 Rb8 29.Rxc6 Rbb2
30.Rb6 Ra2 31.Rf1 Rxa4 32.Rbb1 Rc2 33.Rfc1 Raa2 34.Rxc2 Rxc2 35.Rb5 a4 36.Ra5 Kg5
37.c6 h5 38.h4+ Kg4 39.Kg2 g5 40.hxg5 h4 41.gxh4 f4 42.Rxa4 f3+ 43.Kg1 Kh3
44.Ra1 Rxc6 45.Kh1 Kxh4 46.Kh2 Rc2 47.Rf1 Kxg5 48.Kg3 Rc6 49.Rh1 Rg6 50.Ra1 Kf5+
51.Kh3 Rg2 52.Ra5+ Ke6 53.Ra4 Kd5 54.Ra2 Kc4 55.Rd2 Kc3 56.Ra2 Kd3 57.Kh4 Rg1
58.Kh3 Rg8 59.Kh2 Kc3 60.Kh3 Rg2 61.Kh4 Kc4 62.Kh3 Kd3 63.Kh4 Rg1 64.Kh3 Rc1
65.Kg3 Rc2 66.Ra4 Rc8 67.Rd4+ Ke2 68.Rxe4 Rg8+ 69.Kf4 Kxf2 70.Ra4 Kg2 71.e4 f2
72.Ra2 Kg1 73.Ra1+ f1=Q+ 74.Rxf1+ Kxf1 75.e5 Ke2 76.Ke4 Re8 77.Kd5 Ke3 78.e6 Kf4
79.Kd6 Kf5 80.e7 Kf6 81.Kd7 Rxe7+ 82.Kd6 Re5 83.Kd7 Re6 84.Kd8 Re7 85.Kc8 Ke6
86.Kb8 Kd6 87.Ka8 Rc7 88.Kb8 Kc6 89.Ka8 Kb6 90.Kb8 Rc6  0-1

[Event "Titled Tue 20th Sep Early"]
[Site "chess.com INT"]
[Date "2022.09.20"]
[Round "10"]
[White "Nakamura,Hi"]
[Black "Andreikin,D"]
[Result "1-0"]
[WhiteElo "2768"]
[BlackElo "2729"]

1.g3 d5 2.Bg2 Nf6 3.d3 e5 4.Nf3 Bd6 5.Nc3 O-O 6.O-O c6 7.e4 dxe4 8.Nxe4 Nxe4
9.dxe4 Qe7 10.Qe2 Nd7 11.Rd1 Nf6 12.Nh4 Bc5 13.h3 h6 14.Nf3 a5 15.b3 a4 16.Bb2 Bd6
17.Rd2 a3 18.Bc3 Bb4 19.Bxb4 Qxb4 20.Re1 Re8 21.Qe3 Nd7 22.Red1 Nf8 23.c3 Qe7
24.Bf1 Be6 25.Ne1 Red8 26.Nd3 Ng6 27.h4 Qc7 28.Nc5 Bg4 29.f3 Rxd2 30.Rxd2 Bc8
31.Qd3 Be6 32.Nxe6 fxe6 33.Qd6 Qb6+ 34.Kg2 Qe3 35.Qxe6+ Kh7 36.Rf2 h5 37.Qd6 Qxc3
38.Bc4 Rf8 39.Qxa3 Rf6 40.Qa8 b5 41.Bf1 Rd6 42.Qa7 Rd1 43.Qb6 Rc1 44.a4 Qxb3
45.axb5 cxb5 46.Qxb5 Qd1 47.Qe2 Qd4 48.Qd2 Qc5 49.Qg5 Rc2 50.Qxh5+ Kg8 51.Rxc2 Qxc2+
52.Kh3 Qf2 53.Bc4+ Kf8 54.Qxg6 Ke7 55.Qxg7+ Kd6 56.Kg4 Qd2 57.Qf8+ Kc6 58.Bd5+ Kb5
59.h5 Qe1 60.h6 Qh1 61.Qg7 Kc5 62.h7 Kd4 63.h8=Q Qg2 64.Qxe5+ Ke3 65.Qc3+ Kf2
66.Qd2+ Kf1 67.Qxg2+  1-0

[Event "CGC KO 2022"]
[Site "chess.com INT"]
[Date "2022.09.24"]
[Round "2.3"]
[White "Nakamura,Hi"]
[Black "Navara,D"]
[Result "1/2-1/2"]
[WhiteElo "2768"]
[BlackElo "2681"]

1.d4 Nf6 2.c4 e6 3.Nc3 Bb4 4.Qc2 d5 5.cxd5 exd5 6.a3 Bxc3+ 7.Qxc3 Bf5 8.Bf4 O-O
9.f3 h5 10.e3 Qe7 11.Rc1 Rc8 12.Bd3 Bxd3 13.Qxd3 Nbd7 14.Ne2 c5 15.O-O c4
16.Qd2 b5 17.Bg5 Qe6 18.Ng3 a5 19.Rfe1 Qb6 20.e4 dxe4 21.fxe4 b4 22.Nf5 Re8
23.Bxf6 Nxf6 24.e5 Ng4 25.Qg5 g6 26.h3 Nxe5 27.Rxe5 Rxe5 28.Nh6+ Kh7 29.Qxe5 Kxh6
30.Rxc4 bxa3 31.bxa3 Rd8 32.Kh2 Qd6 33.Qxd6 Rxd6 34.Rc5 Rxd4 35.Rxa5 h4 36.a4 f5
37.Ra8 Kg5 38.Ra6 Rc4 39.a5 Ra4 40.Ra8 Kf4 41.a6 g5 42.Ra7 Ra1 43.Ra8 Ra5
44.Ra7 Ra2 45.Ra8 Ra1 46.Ra7 g4 47.hxg4 fxg4 48.g3+ hxg3+ 49.Kg2 Ra2+ 50.Kg1 g2
51.Rb7 Kg3 52.Rb3+ Kh4 53.a7 g3 54.a8=Q Rxa8 55.Rxg3 Ra1+ 56.Kh2 Rh1+ 57.Kxg2 Rg1+
58.Kxg1 Kxg3  1/2-1/2

[Event "CGC KO 2022"]
[Site "chess.com INT"]
[Date "2022.09.24"]
[Round "2.1"]
[White "Nakamura,Hi"]
[Black "Navara,D"]
[Result "1-0"]
[WhiteElo "2768"]
[BlackElo "2681"]

1.d4 Nf6 2.c4 e6 3.Nc3 Bb4 4.e3 O-O 5.Bd2 c5 6.Nf3 b6 7.Bd3 Bb7 8.a3 Bxc3
9.Bxc3 Ne4 10.Bxe4 Bxe4 11.dxc5 bxc5 12.Qd6 Bxf3 13.gxf3 Qb6 14.Qe7 f6 15.Rg1 Rf7
16.Qe8+ Rf8 17.Qh5 e5 18.f4 d6 19.O-O-O Nd7 20.Qg4 Rf7 21.Qe6 Nf8 22.Qxd6 Qxd6
23.Rxd6 exf4 24.exf4 Ng6 25.f5 Nf4 26.Re1 h5 27.Bd2 Nh3 28.f4 Nf2 29.h3 Rb8
30.Re2 Nh1 31.Rd3 h4 32.Be1 Ng3 33.Bxg3 hxg3 34.Rxg3 Rd7 35.b3 Kf7 36.Kc2 Rh8
37.Rd3 Rxd3 38.Kxd3 Rxh3+ 39.Re3 Rh8 40.b4 Rd8+ 41.Kc3 Rd4 42.bxc5 Rxf4 43.c6 Rxf5
44.Kd4 Rh5 45.c7 Rh8 46.Kd5 f5 47.Kd6 f4 48.Rb3 Rc8 49.Kd7 Rxc7+ 50.Kxc7 g5
51.Kd6 g4 52.Ke5 f3 53.Kf4  1-0

[Event "CGC KO 2022"]
[Site "chess.com INT"]
[Date "2022.09.24"]
[Round "2.2"]
[White "Navara,D"]
[Black "Nakamura,Hi"]
[Result "0-1"]
[WhiteElo "2681"]
[BlackElo "2768"]

1.e4 e5 2.Nf3 Nc6 3.Bc4 Nf6 4.d3 Bc5 5.O-O d6 6.c3 a6 7.a4 Ba7 8.Re1 O-O
9.h3 h6 10.Nbd2 Re8 11.b4 Be6 12.Bxe6 Rxe6 13.Qc2 Qd7 14.Rb1 Ne7 15.b5 Ng6
16.Nc4 axb5 17.axb5 d5 18.exd5 Qxd5 19.Ne3 Qd7 20.Nc4 Qd5 21.Be3 e4 22.dxe4 Nxe4
23.Bxa7 Qxc4 24.Nd4 Qxc3 25.Qxc3 Nxc3 26.Nxe6 Nxb1 27.Nxc7 Rxa7 28.Rxb1 Nf4
29.b6 Ra2 30.Nb5 Rd2 31.Nc3 Ne6 32.Ra1 Rb2 33.Nd5 Rb5 34.Ne7+ Kf8 35.Nc8 Rd5
36.g3 Ke8 37.Ra7 Rd8 38.Rxb7 Rxc8 39.Kg2 Nd8 40.Ra7 Rb8 41.Ra6 Ne6 42.Kf3 Nc5
43.Ra7 Rxb6  0-1

[Event "CGC KO 2022"]
[Site "chess.com INT"]
[Date "2022.10.03"]
[Round "3.2"]
[White "Dominguez Perez,L"]
[Black "Nakamura,Hi"]
[Result "1/2-1/2"]
[WhiteElo "2745"]
[BlackElo "2768"]

1.e4 e5 2.Nf3 Nc6 3.Bb5 Nf6 4.O-O Nxe4 5.Re1 Nd6 6.Nxe5 Be7 7.Bf1 Nxe5 8.Rxe5 O-O
9.d4 Bf6 10.Re1 Re8 11.Bf4 Rxe1 12.Qxe1 Ne8 13.Nc3 Bxd4 14.Nd5 d6 15.Bg5 f6
16.Bc4 Kh8 17.Be3 Be5 18.f4 Bxb2 19.Rb1 Ba3 20.Qa5 Bc5 21.Bxc5 dxc5 22.Qxc5 Nd6
23.Re1 Bf5 24.Bb3 c6 25.Ne3 Ne4 26.Qb4 a5 27.Qxb7 Rb8 28.Qa7 Ra8 29.Qb7 Rb8
30.Qa7 Ra8 31.Qb7  1/2-1/2